000 00413nam a2200145 i 4500
001 104177
003 ES-MaACL
007 t|
008 051124s1919 fr ||||1| fre d
100 1 _aMichoud, Léon.
_980943
245 1 0 _aEtude sur le pouvoir discrétionnaire de l'Administration /
_cpar Léon Michoud.
260 _aParis :
_bF. Pichon,
_c1919.
300 _a118 p. ;
_c25 cm.
852 _aES-MaACL
_jG-5857
999 _c104177
_d104177